Events studies: Theory, research and policy for planned events (Record no. 33452)

MARC details
000 -LEADER
fixed length control field 00500nam a2200181Ia 4500
008 - FIXED-LENGTH DATA ELEMENTS--GENERAL INFORMATION
fixed length control field 230917s9999||||xx |||||||||||||| ||und||
020 ## - ISBN
Price GBP42.99
040 ## - CATALOGING SOURCE
-- 258641
Original cataloging agency VIVEKANANDA LIBRARY
041 ## - Language
-- English
082 ## - DDC NUMBER
Classification number 394.2 G335E(4)
100 ## - MAIN ENTRY--PERSONAL NAME
Personal name Getz, Donald
245 #0 - TITLE STATEMENT
Title Events studies: Theory, research and policy for planned events
250 ## - EDITION STATEMENT
Edition statement 4th ed.
260 ## - PUBLICATION, DISTRIBUTION, ETC. (IMPRINT)
Place of publication, distribution, etc Oxon
Name of publisher, distributor, etc Routledge
Date of publication, distribution, etc 2020
300 ## - PHYSICAL DESCRIPTION
Pages xii, 558 p.
500 ## - GENERAL NOTE
General note 3685 22/10/2019 HBD19/8059 09/12/2019 Main Budget
942 ## - ADDED ENTRY ELEMENTS (KOHA)
Koha item type Books
Holdings
Withdrawn status Lost status Damaged status Not for loan Location (home branch) Sublocation or collection (holding branch) Shelving location Date acquired Koha issues (times borrowed) Koha full call number Accession No. Koha date last seen Koha item type
        VIVEKANANDA LIBRARY VIVEKANANDA LIBRARY IHTM Library     394.2 G335E(4) 391081 17/09/2023 Books
© Designed and Maintained by Vivekananda Library, MDU Rohtak